[Event "18th Graz Open"]
[Site "Graz AUT"]
[Date "2011.08.30"]
[Round "4"]
[White "Ikonnikov,Vy"]
[Black "Poetz,F"]
[Result "1/2-1/2"]
[WhiteElo "2553"]
[BlackElo "2416"]

1.d4 Nf6 2.Nf3 e6 3.c4 Bb4+ 4.Bd2 c5 5.Bxb4 cxb4 6.g3 O-O 7.Bg2 d6 8.O-O Nc6
9.a3 Re8 10.axb4 Nxb4 11.Nc3 Bd7 12.Nd2 Qb6 13.Qb3 a5 14.e3 Qc7 15.Rfc1 Rac8
16.Na2 Nxa2 17.Qxa2 b6 18.b4 axb4 19.Qb2 e5 20.Qxb4 exd4 21.exd4 d5 22.Qa3 dxc4
23.Nxc4 Qb8 24.Qb4 b5 25.Ne5 Rxc1+ 26.Rxc1 Rc8 27.Rxc8+ Qxc8 28.Nxd7 Qxd7
29.Bf1 Ne4 30.Bxb5 Qd8 31.Bc6 Nd6 32.Qc5 Qf6 33.Bb5 g5 34.Bd3 Kg7 35.Kg2 h6
36.Qd5 Nc8 37.Qe4 Nd6 38.Qg4 Kf8 39.h4 gxh4 40.Qxh4 Qxh4 41.gxh4 Ke7 42.Kf3 f6
43.Ke3 Ke6 44.Be4 Ke7 45.Kd3 Ke6 46.f3 Ke7 47.Kc3 Ke6 48.Kb4 Ke7 49.Kc5 Nf7
50.Kd5 Nd6 51.Bd3 Kd7 52.Bf1 Ke7 53.Bh3 Nb5 54.Ke4 Nd6+ 55.Ke3 Kf7 56.Kf4 Kf8
57.Bd7 Ke7 58.Ba4 Kf7 59.Bb3+ Kf8 60.Ba4 Kf7 61.Bb3+  1/2-1/2

[Event "18th Graz Open"]
[Site "Graz AUT"]
[Date "2011.08.31"]
[Round "5"]
[White "Farago,I"]
[Black "Shengelia,D"]
[Result "1/2-1/2"]
[WhiteElo "2485"]
[BlackElo "2513"]

1.d4 Nf6 2.c4 e6 3.Nf3 Bb4+ 4.Bd2 Bxd2+ 5.Qxd2 d5 6.g3 Nbd7 7.Bg2 c6 8.Qc2 b6
9.O-O Bb7 10.cxd5 cxd5 11.Nc3 O-O 12.Rfc1  1/2-1/2

[Event "10th Sunny Beach Open"]
[Site "Sunny Beach BUL"]
[Date "2011.08.31"]
[Round "5.42"]
[White "Kuznetsov,Mar"]
[Black "Smirnova,An"]
[Result "0-1"]
[WhiteElo "2184"]
[BlackElo "1990"]

1.d4 Nf6 2.c4 e6 3.Nf3 Bb4+ 4.Bd2 Qe7 5.Qc2 b6 6.e4 Bb7 7.Bd3 Bxd2+ 8.Nbxd2 d6
9.O-O e5 10.Rfe1 O-O 11.c5 Nc6 12.Rac1 Nd7 13.Bb5 bxc5 14.dxc5 Nxc5 15.Bxc6 Bxc6
16.b4 Ba4 17.Qc4 Ne6 18.Nb1 Bd7 19.Nc3 Nf4 20.Nd5 Nxd5 21.exd5 Qf6 22.Qxc7 Bg4
23.Qc3 Qf4 24.Qd2 Qf5 25.Qe3 Rab8 26.Rc4 Rb5 27.Nh4 Qd7 28.h3 Bh5 29.g4 Bg6
30.Rd1 a5 31.bxa5 Rxa5 32.Rdc1 Rxd5 33.Nxg6 hxg6 34.Qf3 Rd2 35.Rc7 Qe6 36.a4 Ra2
37.Ra7 e4 38.Qf4 d5 39.Ra5 Ra3 40.Kg2 e3 41.Re1 e2  0-1

[Event "Richard Reti Mem"]
[Site "Trnava SVK"]
[Date "2011.09.02"]
[Round "7.11"]
[White "Liptak,D"]
[Black "Vyskocil,N"]
[Result "0-1"]
[WhiteElo "2056"]
[BlackElo "2297"]

1.Nf3 Nf6 2.c4 e6 3.d4 Bb4+ 4.Bd2 c5 5.Bxb4 cxb4 6.g3 O-O 7.Bg2 d5 8.Nbd2 Nc6
9.Qc2 Bd7 10.e4 Rc8 11.e5 Ne8 12.Qd3 dxc4 13.Nxc4 h6 14.O-O Na5 15.Ncd2 Nc7
16.Rfc1 Bb5 17.Qe4 Nd5 18.g4 Bc6 19.g5 hxg5 20.Qg4 f5 21.exf6 Qxf6 22.Re1 Nf4
23.Bf1 Bd5 24.Rac1 Rxc1 25.Rxc1 Nc6 26.Qxg5 Nxd4 27.Qxf6 Nxf3+ 28.Nxf3 gxf6
29.Nd2 Rf7 30.h3 Kg7 31.b3 f5 32.Rc5 Rd7 33.Nc4 Be4 34.Ne3 Rd2 35.Rc4 Nd5
36.Nxd5 Bxd5 37.Rxb4 Rxa2 38.Bc4 a5 39.Rb6 Bc6 40.Bb5 Rc2 41.Bxc6 bxc6 42.Ra6 Rc5
43.f4 Kf6 44.Kf2 Rc2+ 45.Kf3 Rc3+ 46.Ke2 Rxh3 47.Rxc6 Rxb3 48.Ra6 Ra3 49.Kd2 Rf3  0-1

[Event "15th Cesenatico Open"]
[Site "Cesenatico ITA"]
[Date "2011.09.03"]
[Round "1"]
[White "Stella,A"]
[Black "Brunner,W"]
[Result "1-0"]
[WhiteElo "2447"]
[BlackElo "2138"]

1.d4 Nf6 2.c4 e6 3.Nf3 Bb4+ 4.Bd2 Qe7 5.g3 Nc6 6.Bg2 Ne4 7.O-O Nxd2 8.Nbxd2 O-O
9.Nb3 d5 10.c5 b6 11.a3 Ba5 12.Rc1 Bd7 13.Na1 bxc5 14.dxc5 Rfb8 15.b4 Nxb4
16.axb4 Bxb4 17.c6 Be8 18.Nc2 Bc5 19.Nfd4 g6 20.Ne3 Rb4 21.Nb3 Bxe3 22.fxe3 Rab8
23.Nc5 R4b5 24.Qd4 Bxc6 25.Ne4 dxe4 26.Rxc6 f5 27.Qxa7 R5b7 28.Qd4 e5 29.Qd5+ Kg7
30.Re6 Ra8  1-0

[Event "15th Cesenatico Open"]
[Site "Cesenatico ITA"]
[Date "2011.09.03"]
[Round "1"]
[White "MacQueen,C"]
[Black "Petkov,V"]
[Result "0-1"]
[WhiteElo "2158"]
[BlackElo "2511"]

1.d4 Nf6 2.c4 e6 3.Nf3 Bb4+ 4.Bd2 c5 5.a3 Bxd2+ 6.Qxd2 cxd4 7.Nxd4 O-O 8.e3 Nc6
9.Nc3 d5 10.Rd1 e5 11.Nf3 d4 12.exd4 exd4 13.Nxd4 Qb6 14.Nxc6 Qxc6 15.Nd5 Nxd5
16.cxd5 Qg6 17.f3 Bf5 18.g4 Rfe8+ 19.Kf2 Bc2 20.Rc1 Rac8 21.Be2 Red8 22.Bd1 Bd3
23.Be2 Bxe2 24.Qxe2 Rxc1 25.Rxc1 Qd6 26.Kg2 Qxd5 27.Rc2 h5 28.Qc4 Qxc4 29.Rxc4 hxg4
30.fxg4 Rd2+ 31.Kg3 Rxb2 32.a4 g5 33.Rc5 Rb3+ 34.Kf2 f6 35.Rc7 a5 36.Kg2 Rb4
37.h3 b6 38.Rb7 Kf8 39.Kg3 Ke8 40.Kg2 Kd8 41.Rf7 Rxa4 42.Rxf6 b5 43.Rf5 b4
44.Rxg5 b3 45.Rb5 Rb4 46.Rxa5 b2 47.Rd5+ Ke7 48.Rd1 b1=Q 49.Rxb1 Rxb1 50.Kg3 Kf6
51.h4 Ke5  0-1

[Event "10th Sunny Beach Open"]
[Site "Sunny Beach BUL"]
[Date "2011.09.03"]
[Round "8.2"]
[White "Vasilev,M"]
[Black "Dimitrov,R"]
[Result "0-1"]
[WhiteElo "2481"]
[BlackElo "2436"]

1.d4 Nf6 2.c4 e6 3.Nf3 Bb4+ 4.Bd2 Bxd2+ 5.Nbxd2 d6 6.g3 Nc6 7.Bg2 O-O 8.O-O e5
9.d5 Nb8 10.e4 a5 11.Ne1 Na6 12.a3 Bg4 13.f3 Bd7 14.Nd3 c6 15.b3 Qb6+ 16.Kh1 Qd4
17.Qe2 cxd5 18.exd5 b5 19.Rfd1 b4 20.a4 Qa7 21.Rac1 Nc5 22.Qe3 Nxd3 23.Qxd3 Qc5
24.Nf1 Rfe8 25.Qe3 Rac8 26.Qxc5 Rxc5 27.Ne3 Bc8 28.Kg1 g6 29.Kf2 Nd7 30.Bh3 f5
31.Bxf5 gxf5 32.Nxf5 Nf6 33.Nxd6 Rd8 34.Ne4 Nxe4+ 35.fxe4 Bg4 36.Rd3 Rd6
37.Kg2 Bh5 38.Re3 Bg6 39.Rf1 Kg7 40.g4 Rf6 41.Rf5 Bxf5 42.exf5 Rf8 43.Rxe5 Rcc8
44.Re7+ Kf6 45.Rxh7 Ke5 46.Re7+ Kf4 47.h3 Rh8 48.Re2 Rce8 49.Re6 Rc8 50.d6 Rhd8
51.f6 Rd7 52.Kf2 Rf7 53.Ke2 Kg5 54.Ke3 Rxf6 55.Re5+ Kg6 56.c5 Rf1 57.d7 Rd8
58.c6 Rc1 59.Re6+ Kf7 60.Rh6 Ke7 61.Ke4 Rg8 62.Kf4 Kd8 63.g5 Rf1+ 64.Ke4 Rb1
65.h4 Rxb3  0-1

[Event "13th Trieste Open"]
[Site "Trieste ITA"]
[Date "2011.09.03"]
[Round "1"]
[White "Khmelniker,I"]
[Black "Fruehauf,N"]
[Result "1-0"]
[WhiteElo "2518"]
[BlackElo "2078"]

1.d4 Nf6 2.c4 e6 3.Nf3 Bb4+ 4.Bd2 Qe7 5.g3 b6 6.Bg2 Bb7 7.O-O O-O 8.Bf4 Bd6
9.Bxd6 cxd6 10.d5 Na6 11.Nc3 Rfc8 12.Nd2 e5 13.Rc1 Nc7 14.e4 Rf8 15.b4 Ba6
16.Re1 g6 17.Qb3 Kg7 18.Nd1 Ng4 19.h3 Nh6 20.Ne3 f5 21.exf5 g5 22.f4 Rae8
23.Qa3 Ra8 24.Nf3 Qf6 25.Red1 exf4 26.gxf4 Rfe8 27.Nd4 Re7 28.Qd3 Rf8 29.b5 Bb7
30.Nf1 Kh8 31.Ng3 Qg6 32.Kh2 Ne8 33.Nf3 Ng7 34.Re1 Rfe8 35.Rxe7 Rxe7 36.Qa3 Nh5
37.Nxh5 Qxh5 38.Qxd6 Re2 39.Qf6+ Kg8 40.Qd8+ Kg7 41.Qxd7+ Nf7 42.Nd4  1-0

[Event "Richard Reti Mem"]
[Site "Trnava SVK"]
[Date "2011.09.03"]
[Round "8.10"]
[White "Kovac,L2"]
[Black "Vyskocil,N"]
[Result "0-1"]
[WhiteElo "2096"]
[BlackElo "2297"]

1.d4 Nf6 2.c4 e6 3.Nf3 Bb4+ 4.Bd2 c5 5.Bxb4 cxb4 6.Nbd2 O-O 7.e4 d6 8.Bd3 e5
9.O-O Re8 10.Qc2 Bg4 11.Kh1 Nbd7 12.Rae1 Qb6 13.c5 dxc5 14.dxe5 Nh5 15.Nc4 Qe6
16.Re3 Nf4 17.Ng5 Qe7 18.Rg3 Qxg5 19.f3 Nxe5 20.Nxe5 Qxe5 21.Rxg4 Nxd3 22.Qxd3 Qxb2
23.Qd5 Rac8 24.Rd1 h6 25.h4 Rcd8 26.Qxd8 Rxd8 27.Rxd8+ Kh7 28.Rd7 Qxa2 29.Rxb7 Qa1+
30.Kh2 Qf6 31.Kh3 a5 32.g3 Qxf3 33.Rf4 Qh1+ 34.Kg4 Qd1+ 35.Kh3 h5 36.Kg2 a4
37.Rfxf7 Qe2+ 38.Kg1 Qg4 39.Kf2 a3 40.Ra7 Qg6 41.Rfb7 Qf6+ 42.Ke3 Qb2 43.Kf4 Qf6+
44.Ke3 Qe5 45.Kf3 c4 46.Ke3 c3 47.Kd3 Qxg3+ 48.Kc2 Qf2+ 49.Kd3 Qg3+ 50.Kc2 Qg2+
51.Kd3 a2 52.Rxb4 Qd2+ 53.Kc4 c2  0-1

[Event "Yuzhny Open"]
[Site "Yuzhny UKR"]
[Date "2011.09.04"]
[Round "3.13"]
[White "Kurochkin,Val"]
[Black "Bondar,W"]
[Result "1-0"]
[WhiteElo "2329"]
[BlackElo "2089"]

1.d4 Nf6 2.Nf3 e6 3.c4 Bb4+ 4.Bd2 Bxd2+ 5.Qxd2 d6 6.Nc3 Nbd7 7.g3 O-O 8.Bg2 c6
9.O-O Qe7 10.b4 Nb6 11.c5 Nbd5 12.Rab1 Bd7 13.Rfe1 Nxc3 14.Qxc3 d5 15.Ne5 Rfd8
16.a4 a6 17.e4 Qf8 18.f3 Be8 19.Bh3 Nd7 20.Nd3 g5 21.exd5 exd5 22.Re2 Nf6
23.Rbe1 Bd7 24.Bxd7 Rxd7 25.Nf2 h6 26.Qd3 Rdd8 27.Qf5 Qg7 28.Re7 Re8 29.Kg2 Rxe7
30.Rxe7 Re8 31.Ng4  1-0

[Event "10th Izmir Open"]
[Site "Izmir TUR"]
[Date "2011.09.05"]
[Round "6"]
[White "Sumets,A"]
[Black "Sengul,C"]
[Result "1/2-1/2"]
[WhiteElo "2579"]
[BlackElo "2165"]

1.d4 Nf6 2.c4 e6 3.Nf3 Bb4+ 4.Bd2 Qe7 5.g3 Nc6 6.Bg2 Bxd2+ 7.Nbxd2 d6 8.Nf1 O-O
9.Ne3 e5 10.O-O Bg4 11.Nxg4 Nxg4 12.h3 Nf6 13.e3 a5 14.Rc1 Nd7 15.Qb3 Ra7
16.Rfd1 a4 17.Qa3 e4 18.Nd2 f5 19.Nb1 Nf6 20.Nc3 Rfa8 21.Nb5 Ra5 22.Qc3 Qd7
23.Bf1 Nd8 24.d5 Nf7 25.Nd4 Ne5 26.Be2 b6 27.Ra1 g6 28.b4 axb3 29.axb3 Qc8
30.Rxa5 Rxa5 31.Ra1 Qa8 32.Rxa5 Qxa5 33.Qxa5 bxa5 34.Ne6 c6 35.dxc6 Nxc6
36.Kf1 Kf7 37.Nd4 Nb4 38.Ke1 Nd7 39.Kd2 Nc5 40.f4 exf3  1/2-1/2

[Event "Yuzhny Open"]
[Site "Yuzhny UKR"]
[Date "2011.09.05"]
[Round "4.27"]
[White "Romaniv,M"]
[Black "Fiodorov,M"]
[Result "1-0"]
[WhiteElo "1944"]
[BlackElo "2143"]

1.d4 Nf6 2.Nf3 e6 3.c4 Bb4+ 4.Bd2 a5 5.Nc3 d6 6.e3 Qe7 7.Qc2 e5 8.a3 Bxc3
9.Bxc3 e4 10.Nd2 Bf5 11.Qa4+ Qd7 12.Qxd7+ Nbxd7 13.g3 c6 14.Bg2 d5 15.cxd5 cxd5
16.Rc1 O-O 17.O-O b5 18.Nb3 a4 19.Na5 Rfc8 20.Bb4 Kh8 21.Nc6 Ng8 22.h3 Ra6
23.Ne5 Nxe5 24.Rxc8 Bxc8 25.dxe5 Rc6 26.Rd1 Be6 27.Bf1 Rc2 28.Bxb5 Rxb2 29.Bxa4 Bxh3
30.Rxd5 h5 31.e6 Bxe6 32.Rxh5+ Nh6 33.Rxh6+ Kg8 34.Rh4 Rb1+ 35.Kh2 f5 36.Kg2 Bc4
37.Rh1 Rb2 38.Rc1 Be2 39.Bd1 Bd3 40.Bh5 g5 41.Bg6 Be2 42.Rc8+  1-0

[Event "Yuzhny Open"]
[Site "Yuzhny UKR"]
[Date "2011.09.05"]
[Round "5.37"]
[White "Avetisian,T"]
[Black "Guk,Ilja"]
[Result "1-0"]
[WhiteElo "2016"]
[BlackElo "2277"]

1.d4 Nf6 2.c4 e6 3.Nf3 Bb4+ 4.Bd2 Qe7 5.g3 O-O 6.Bg2 Bxd2+ 7.Qxd2 d6 8.O-O e5
9.Nc3 c6 10.e4 Bg4 11.h3 Bxf3 12.Bxf3 Nbd7 13.d5 c5 14.Bg2 g6 15.Rae1 Nh5
16.Kh2 Ng7 17.f4 f6 18.f5 g5 19.Rb1 Rfc8 20.a3 a5 21.Rfc1 Ne8 22.Bf1 Nc7
23.Be2 Na6 24.Bd1 Nb6 25.Be2 Kg7 26.Qd1 Rcb8 27.Bd3 Qd8 28.Kg2 Qe7 29.Qh5 Qf7
30.Qxf7+ Kxf7 31.Be2 Nc7 32.Kf2 Nd7 33.Rh1 Kg7 34.Rh2 Rh8 35.h4 h6 36.Rbh1 Rab8
37.Ke3 Ra8 38.Kd2 Nb6 39.Nd1 Nd7 40.Ne3 Rab8 41.a4 Rbd8 42.b3 Rdg8 43.Bh5 b6
44.Bg6 Nf8 45.Ng4 Nxg6 46.fxg6 Kxg6 47.hxg5 Kxg5 48.Nxh6 Rxh6 49.Rxh6 Ne8
50.Rh8  1-0

[Event "1st Barclays Open A"]
[Site "Rome ITA"]
[Date "2011.09.06"]
[Round "3.1"]
[White "Berczes,D"]
[Black "Khenkin,I"]
[Result "1/2-1/2"]
[WhiteElo "2557"]
[BlackElo "2624"]

1.d4 Nf6 2.c4 e6 3.Nf3 Bb4+ 4.Bd2 Bxd2+ 5.Qxd2 O-O 6.g3 d5 7.Bg2 c6 8.O-O Nbd7
9.Ne5 Nxe5 10.dxe5 Nd7 11.f4 Qe7 12.cxd5 exd5 13.Nc3 Nb6 14.Qd4 Bf5 15.e4 dxe4
16.Nxe4 Bxe4 17.Qxe4 Rad8 18.Rad1 Rxd1 19.Rxd1 Rd8 20.Rxd8+ Qxd8 21.e6 Nd5
22.Qe5 Ne7 23.Be4 f6 24.Bxh7+ Kxh7  1/2-1/2

[Event "13th Trieste Open"]
[Site "Trieste ITA"]
[Date "2011.09.06"]
[Round "5"]
[White "Pasquotto,M"]
[Black "Fruehauf,N"]
[Result "0-1"]
[WhiteElo "1899"]
[BlackElo "2078"]

1.d4 Nf6 2.c4 e6 3.Nf3 Bb4+ 4.Bd2 Qe7 5.a3 Bxd2+ 6.Qxd2 d6 7.Nc3 O-O 8.g3 e5
9.dxe5 dxe5 10.e4 Rd8 11.Qe3 Ng4 12.Qe2 c6 13.Bg2 Na6 14.b4 f6 15.O-O Be6
16.Rfd1 Nc7 17.Nd2 Rd4 18.Nd5 cxd5 19.cxd5 Bd7 20.Rdc1 Bb5 21.Qxg4 Rxd2 22.Rc5 b6
23.Rc3 Ne8 24.Bf1 Bd7 25.Qf3 Rd4 26.Rac1 Qd8 27.Ba6 Nd6 28.Rc7 Bb5 29.Qg4 Ne8
30.Qe6+ Kh8 31.Rf7 Nd6 32.Re7 Rc4 33.Rxc4 Bxc4 34.Rd7 Qg8 35.Qxd6 Bxa6 36.Rc7 Bb5
37.Rb7 Rd8 38.Qc7 Rd7 39.d6 Rxc7 40.dxc7 Bd7 41.Rb8 Bc8  0-1

[Event "TCh-SRB Premier Men"]
[Site "Valjevo SRB"]
[Date "2011.09.06"]
[Round "11.2"]
[White "Dimitrijevic,Sr"]
[Black "Kosic,D"]
[Result "0-1"]
[WhiteElo "2302"]
[BlackElo "2483"]

1.d4 e6 2.c4 Nf6 3.Nf3 Bb4+ 4.Bd2 a5 5.a3 Bxd2+ 6.Nbxd2 a4 7.e4 d6 8.Qc2 Qe7
9.Nb1 e5 10.dxe5 dxe5 11.Nc3 Nbd7 12.Nxa4 Nxe4 13.Qxe4 Rxa4 14.O-O-O O-O
15.Bd3 g6 16.Rhe1 Ra5 17.Bc2 Nf6 18.Qe3 Bg4 19.Qc3 Bxf3 20.Qxa5 Bxd1 21.Rxe5 Qd6
22.Bxd1 Qd4 23.Qc5 Qf4+ 24.Qe3 Qxc4+ 25.Qc3 Qf4+ 26.Qe3 Qxh2 27.Bf3 c6 28.Qd4 Nd5
29.Kb1 Nc7 30.Re7 Ne6 31.Qe3 b5 32.g3 Qh3 33.Ka2 Qf1 34.Be2 Qh3 35.Qe4 Nd8
36.Bd1 Qf1 37.Qf3 c5 38.Be2 Qe1 39.Qe3 c4 40.Qc5 Ne6 41.Qe3 c3 42.bxc3 Rd8
43.Bxb5 Rd2+ 44.Kb3 Qd1+ 45.Kb4 Rb2+  0-1

[Event "Paignton Ron Bruce Premier"]
[Site "Paignton ENG"]
[Date "2011.09.07"]
[Round "4"]
[White "Arkell,K"]
[Black "Brown,Al"]
[Result "1-0"]
[WhiteElo "2409"]
[BlackElo "2130"]

1.d4 Nf6 2.Nf3 e6 3.c4 Bb4+ 4.Bd2 Qe7 5.g3 Nc6 6.Nc3 Bxc3 7.Bxc3 Ne4 8.Rc1 Nxc3
9.Rxc3 d6 10.d5 Nb8 11.dxe6 fxe6 12.Bg2 O-O 13.O-O Nc6 14.Nd4 Bd7 15.Re3 Kh8
16.Qd2 Ne5 17.h3 c5 18.Nf3 Nxf3+ 19.Bxf3 Bc6 20.Rd1 Rad8 21.b4 cxb4 22.Qxb4 Rd7
23.Qa3 e5 24.Qxa7 b5 25.Qa6 Bxf3 26.exf3 bxc4 27.Qxc4 Rc7 28.Qd5 Rf6 29.Rb3 Qf8
30.Kg2 h6 31.Rdb1 Kh7 32.Qe4+ g6 33.Rb8 Qg7 34.Rd8 Qf7 35.Rbb8 Qxa2 36.Qh4  1-0

[Event "15th Cesenatico Open"]
[Site "Cesenatico ITA"]
[Date "2011.09.09"]
[Round "8"]
[White "Naumkin,I"]
[Black "Fedorchuk,S"]
[Result "0-1"]
[WhiteElo "2473"]
[BlackElo "2635"]

1.d4 Nf6 2.c4 e6 3.Nf3 Bb4+ 4.Bd2 a5 5.g3 b6 6.Bg2 Bb7 7.O-O O-O 8.Nc3 d6
9.Qc2 Nbd7 10.Rfe1 Bxc3 11.Bxc3 Be4 12.Qd2 Qb8 13.Rad1 b5 14.cxb5 Qxb5 15.Bf1 Bb7
16.Nh4 Ne4 17.Qc2 f5 18.f3 Nxc3 19.Qxc3 Qb6 20.Ng2 Nf6 21.Ne3 Nd5 22.Nxd5 Bxd5
23.b3 e5 24.Bg2 a4 25.e4 fxe4 26.fxe4 Be6 27.Qe3 axb3 28.axb3 exd4 29.Qxd4 Qxb3
30.Ra1 Rxa1 31.Rxa1 Qb5 32.Qc3 Qb6+ 33.Kh1 h6 34.Rc1 Rf2 35.Qxc7 Qb2 36.Rg1 Rxg2
37.Rxg2 Qb1+  0-1

[Event "CHOM Open A"]
[Site "Montreal CAN"]
[Date "2011.09.09"]
[Round "1.7"]
[White "Hamilton,R"]
[Black "Cvetkovic,Simeon"]
[Result "1-0"]
[WhiteElo "2301"]
[BlackElo "2065"]

1.d4 Nf6 2.c4 e6 3.Nf3 Bb4+ 4.Bd2 Be7 5.Nc3 d5 6.e3 O-O 7.Rc1 Nbd7 8.Bd3 dxc4
9.Bxc4 c5 10.O-O b6 11.Qe2 Bb7 12.Rfd1 Qb8 13.e4 cxd4 14.Nxd4 h6 15.f3 Bd6
16.g3 Bc5 17.Be3 Ne5 18.Bb3 Rd8 19.Rd2 Ba6 20.Qd1 Nc6 21.Kg2 Nxd4 22.Bxd4 Bxd4
23.Rxd4 Rxd4 24.Qxd4 Qc7 25.Rd1 e5 26.Qb4 Rd8 27.Rxd8+ Qxd8 28.Nd5 Nxd5 29.Bxd5 Qd7
30.Qc3 Qd6 31.a4 Kf8 32.b4 b5 33.Bc6 bxa4 34.b5 Bc8 35.Qa5 Qe7 36.Qxa4 Qc7
37.Bd5 f6 38.Ba2 Ke7 39.Qb3 Ke8 40.Qc4 Kd8 41.g4 Qd7 42.Kg3 h5 43.h3 g5 44.Qb4 h4+
45.Kg2 Qe7 46.Qd2+ Qd7 47.Bd5 Ke7 48.Qa5 Kf8 49.Qc3 Kg7 50.Qc5 Kg6 51.Kf2 Kg7
52.Ke3 Kg6 53.Kd2 Kg7 54.Kc3 Kg6 55.Bc6 Qf7 56.Qd6 Be6 57.Qd8 Kg7 58.Qd6 Kg6
59.Kb4 Bc8 60.Qd8 a5+ 61.Kc5 Kg7 62.Qxc8 Qa7+ 63.b6 Qe7+ 64.Kb5 Qb4+ 65.Ka6  1-0

[Event "1st Barclays Open A"]
[Site "Rome ITA"]
[Date "2011.09.10"]
[Round "8.4"]
[White "Khenkin,I"]
[Black "Dgebuadze,A"]
[Result "1-0"]
[WhiteElo "2624"]
[BlackElo "2544"]

1.d4 Nf6 2.c4 e6 3.Nf3 Bb4+ 4.Bd2 Qe7 5.g3 Nc6 6.Nc3 Bxc3 7.Bxc3 Ne4 8.Rc1 O-O
9.Bg2 d6 10.d5 Nd8 11.Nd2 Nxc3 12.Rxc3 Rb8 13.O-O b5 14.Qc2 b4 15.Re3 Nb7
16.Nb3 Bd7 17.Qd2 a5 18.dxe6 fxe6 19.Bxb7 Rxb7 20.Nxa5 Rb6 21.Rd1 Rf5 22.Nb3 Qf6
23.c5 Rb8 24.cxd6 c5 25.f4 c4 26.Nd4 Rd5 27.Re5 Rxe5 28.fxe5 Qxe5 29.Nf3 Qc5+
30.Qd4 Qxd4+ 31.Rxd4 c3 32.bxc3 bxc3 33.Rc4 Rc8 34.Rxc8+ Bxc8 35.Ne5 c2 36.Nd3 Kf7
37.Kf2 Ba6 38.Nc1 e5 39.Ke3 Ke6 40.Kd2 Kxd6 41.Kxc2 Ke6 42.Nd3 Kf5 43.e4+ Kg4
44.Nxe5+ Kh3 45.Nf3 Kg2 46.Nd4 Kxh2 47.e5 Bc4 48.a4 Kxg3 49.e6 Kf4 50.e7 Bf7
51.a5  1-0

[Event "9th Amantea Open"]
[Site "Amantea ITA"]
[Date "2011.09.11"]
[Round "9"]
[White "Levin,F"]
[Black "Drasko,M"]
[Result "1/2-1/2"]
[WhiteElo "2482"]
[BlackElo "2478"]

1.d4 Nf6 2.c4 e6 3.Nf3 Bb4+ 4.Bd2 c5 5.Bxb4 cxb4 6.g3 O-O 7.Bg2 d6 8.O-O Nc6
9.a3 bxa3 10.Rxa3 e5  1/2-1/2

[Event "ch-Euro Youth g18"]
[Site "Albena BUL"]
[Date "2011.09.13"]
[Round "3.1"]
[White "Arabidze,M"]
[Black "Adamowicz,K"]
[Result "1-0"]
[WhiteElo "2332"]
[BlackElo "2077"]

1.d4 Nf6 2.c4 e6 3.Nf3 Bb4+ 4.Bd2 Qe7 5.g3 Nc6 6.Nc3 O-O 7.Qc2 Bxc3 8.Bxc3 d6
9.Bg2 e5 10.d5 Nb8 11.b4 a5 12.bxa5 Na6 13.Nd2 Bd7 14.O-O Nc5 15.Rab1 Ba4
16.Nb3 Rfb8 17.Qc1 Na6 18.Qb2 Nd7 19.f4 f6 20.f5 Ndc5 21.Qd2 Be8 22.g4 Na4
23.Rfc1 N6c5 24.h4 Ra7 25.Qe3 Nxc3 26.Rxc3 Rba8 27.Nxc5 dxc5 28.Rcb3 Rxa5
29.Rxb7 Rxa2 30.Rb8 Qd6 31.g5 Ra1 32.Rxe8+ Kf7 33.Rxa8 Rxb1+ 34.Kf2 Qb6 35.g6+ hxg6
36.fxg6+ Ke7 37.Rg8 Qb4 38.d6+ cxd6 39.Rxg7+ Kf8 40.Rh7 Qe1+ 41.Kf3 e4+ 42.Kg4  1-0

[Event "2nd Livigno Open A"]
[Site "Livigno ITA"]
[Date "2011.09.13"]
[Round "3.9"]
[White "Stella,A"]
[Black "Polak,T"]
[Result "1/2-1/2"]
[WhiteElo "2447"]
[BlackElo "2543"]

1.Nf3 Nf6 2.c4 e6 3.d4 Bb4+ 4.Bd2 a5 5.g3 b6 6.Bg2 Bb7 7.O-O O-O 8.Bg5 Be7
9.Nc3 Ne4 10.Bxe7 Qxe7 11.Qc2 Nxc3 12.Qxc3 Be4 13.Qe3 f5 14.Ne5 Bxg2 15.Kxg2 d6
16.Nd3 Nc6 17.Nf4 e5 18.dxe5 Nxe5 19.Qd4 Rae8 20.b3 Kh8  1/2-1/2

[Event "5th ch-Euro IBCA"]
[Site "Rhodes GRE"]
[Date "2011.09.15"]
[Round "9.4"]
[White "Mueller,Oli"]
[Black "Palacios Perez,M"]
[Result "1/2-1/2"]
[WhiteElo "2331"]
[BlackElo "2192"]

1.d4 Nf6 2.c4 e6 3.Nf3 Bb4+ 4.Bd2 a5 5.g3 Nc6 6.Nc3 O-O 7.Bg2 d6 8.O-O Qe7
9.d5 exd5 10.cxd5 Ne5 11.Nxe5 dxe5 12.Rc1 Rd8 13.e4 Bg4 14.Qc2 Bd7 15.a3 Bd6
16.Na4 Rdb8 17.h3 Qe8 18.Nc5 Bb5 19.Rfe1 b6 20.Nd3 Nd7 21.Bf1 Nc5 22.Nxc5 Bxf1
23.Rxf1 Bxc5 24.Qc4 Qd7 25.Kg2 Bd6 26.Qc6 Qe7 27.Be3 Rf8 28.Rce1 Rae8 29.Qc2 Qd7
30.g4  1/2-1/2

[Event "ch-Euro Youth b18"]
[Site "Albena BUL"]
[Date "2011.09.17"]
[Round "6.15"]
[White "Straka,V"]
[Black "Vardanian,HaiG"]
[Result "0-1"]
[WhiteElo "2246"]
[BlackElo "2325"]

1.d4 Nf6 2.Nf3 e6 3.c4 Bb4+ 4.Bd2 Qe7 5.g3 O-O 6.Bg2 Bxd2+ 7.Nbxd2 d6 8.Qc2 e5
9.e3 h6 10.dxe5 dxe5 11.O-O Re8 12.c5 Nc6 13.a3 a5 14.b3 Bd7 15.Rac1 Rad8
16.Qb2 e4 17.Nd4 Nxd4 18.exd4 e3 19.Nc4 Ng4 20.fxe3 Nxe3 21.Nxe3 Qxe3+ 22.Qf2 Bc6
23.Rcd1 Bxg2 24.Kxg2 Qxb3 25.Rb1 Qd5+ 26.Qf3 Re2+ 27.Kh3 Qa2 28.Rh1 Rxd4
29.Qf5 Rdd2 30.Rbf1 Rxh2+ 31.Rxh2 Rxh2+ 32.Kg4 h5+  0-1

[Event "ch-Euro Youth b18"]
[Site "Albena BUL"]
[Date "2011.09.17"]
[Round "6.1"]
[White "Grandelius,N"]
[Black "Urkedal,F"]
[Result "1/2-1/2"]
[WhiteElo "2536"]
[BlackElo "2447"]

1.d4 Nf6 2.c4 e6 3.Nf3 Bb4+ 4.Bd2 Qe7 5.g3 Bxd2+ 6.Qxd2 d5 7.Bg2 O-O 8.O-O c6
9.Rc1 Nbd7 10.Nc3 Nb6 11.cxd5 exd5 12.Ne5 Ng4 13.Nd3 Nc4 14.Qe1 Bf5 15.e4  1/2-1/2

[Event "Caissa IM Sept 2011"]
[Site "Kecskemet HUN"]
[Date "2011.09.17"]
[Round "1.1"]
[White "Keresztes,R"]
[Black "Meszaros,Gyu"]
[Result "1/2-1/2"]
[WhiteElo "2273"]
[BlackElo "2360"]

1.d4 Nf6 2.c4 e6 3.Nf3 Bb4+ 4.Bd2 Qe7 5.g3 Nc6 6.Bg2 Bxd2+ 7.Nbxd2 d6 8.O-O O-O
9.e4 e5 10.d5 Nb8 11.b4 a5 12.a3 Ne8 13.Qc2 f5 14.Rab1 axb4 15.axb4 f4 16.c5 Bg4
17.Rb3 Nd7 18.c6 bxc6 19.Qxc6 Rb8 20.h3 Bxf3 21.Nxf3 Rb6 22.Qc4  1/2-1/2

[Event "11th Josipa Ipavca Mem"]
[Site "Sentjur SLO"]
[Date "2011.09.19"]
[Round "7.13"]
[White "Leonardi,Caterina"]
[Black "Spelec,D"]
[Result "1-0"]
[WhiteElo "1723"]
[BlackElo "2024"]

1.d4 Nf6 2.c4 e6 3.Nf3 Bb4+ 4.Bd2 Be7 5.Nc3 d5 6.e3 O-O 7.Bd3 c5 8.O-O a6
9.cxd5 exd5 10.dxc5 Bxc5 11.Ne2 Bg4 12.Ne1 Re8 13.f3 Bh5 14.Qb3 Nc6 15.Nf4 Rxe3
16.Bxh7+ Kxh7 17.Bxe3 d4 18.Qc2+ Bg6 19.Qxc5 dxe3 20.Qxe3 Qa5 21.Nxg6 fxg6
22.Nd3 Re8 23.Qf2 Qb5 24.Rad1 Nd5 25.Rfe1 Rxe1+ 26.Qxe1 Qc4 27.Qe4 Nd4 28.Ne5 Ne2+
29.Kf2  1-0

[Event "11th Josipa Ipavca Mem"]
[Site "Sentjur SLO"]
[Date "2011.09.20"]
[Round "8.1"]
[White "Loncar,R"]
[Black "Drasko,M"]
[Result "1/2-1/2"]
[WhiteElo "2385"]
[BlackElo "2478"]

1.d4 e6 2.c4 Nf6 3.Nf3 Bb4+ 4.Bd2 c5 5.Bxb4 cxb4 6.g3 O-O 7.Bg2 d6 8.O-O Nc6
9.Nbd2 e5 10.d5 Nb8 11.a3 Na6 12.Qb3 bxa3  1/2-1/2

[Event "24th Moratalaz Open"]
[Site "Madrid ESP"]
[Date "2011.09.21"]
[Round "7.4"]
[White "Rubio Mejia,L"]
[Black "Almagro Llamas,P"]
[Result "1/2-1/2"]
[WhiteElo "2433"]
[BlackElo "2466"]

1.d4 Nf6 2.c4 e6 3.Nf3 Bb4+ 4.Bd2 Qe7 5.g3 b6 6.Bg2 Bb7 7.O-O Bxd2 8.Qxd2 O-O
9.Nc3 d6 10.d5 e5 11.Nh4 Bc8 12.e4 Nh5 13.Bf3 Nf6 14.Bg2 Nh5 15.Rae1 g6 16.b4 a5
17.a3 Ba6 18.Nb5 c6 19.dxc6 Nxc6 20.Qxd6 Qxd6 21.Nxd6 Rfd8 22.Nxf7 Kxf7 23.b5 Bxb5
24.cxb5 Nd4 25.Nf3 Nxf3+ 26.Bxf3 Nf6 27.Rc1 Rac8 28.Bg2 g5 29.Rxc8  1/2-1/2

[Event "8th Highlands Open"]
[Site "Zdar nad Sazavou CZE"]
[Date "2011.09.25"]
[Round "2"]
[White "Zakharchenko,A"]
[Black "Jakl,A"]
[Result "0-1"]
[WhiteElo "2225"]
[BlackElo "1974"]

1.d4 Nf6 2.c4 e6 3.Nf3 Bb4+ 4.Bd2 Qe7 5.g3 O-O 6.Bg2 Na6 7.O-O Bxd2 8.Qxd2 d6
9.Nc3 c6 10.e4 e5 11.d5 cxd5 12.cxd5 Bd7 13.Rfe1 Rfc8 14.Bf1 Nc7 15.Rac1 h6
16.h3 Kh7 17.Qe3 g6 18.Nd2 Nh5 19.Kh2 f5 20.exf5 gxf5 21.Qf3 Ng7 22.Bd3 Rf8
23.Bb1 Nce8 24.Nc4 b5 25.Ne3 Kh8 26.Ng2 Rf6 27.Qd3 a6 28.f4 Rc8 29.a4 e4
30.Nxe4 Rxc1 31.Nxf6 Rxe1 32.Nxe1 Nxf6 33.Ng2 Qe4 34.axb5 Qxd3 35.Bxd3 Bxb5
36.Bxb5 axb5 37.Ne3 h5 38.Kg2 Kh7 39.Kf3 Kg6 40.Ke2 Nge8 41.Kd3 Nc7 42.Kd4 Ng8
43.Nc2 Ne7 44.Nb4 h4 45.gxh4 Kh5  0-1

[Event "Tatry Open"]
[Site "Tatranske Zruby SVK"]
[Date "2011.09.26"]
[Round "2.46"]
[White "Koci,L"]
[Black "Partys,P"]
[Result "0-1"]
[WhiteElo "1946"]
[BlackElo "2027"]

1.d4 Nf6 2.c4 e6 3.Nf3 Bb4+ 4.Bd2 Qe7 5.a3 Bxd2+ 6.Nbxd2 d6 7.e3 O-O 8.Be2 a5
9.b3 Nc6 10.O-O e5 11.d5 Nb8 12.Qc2 Na6 13.h3 Bd7 14.Rfb1 c6 15.dxc6 Bxc6
16.b4 axb4 17.a4 Rac8 18.Qb2 Rfd8 19.Rc1 h6 20.Nb3 Ne4 21.Na5 Be8 22.Nd2 Nc3
23.Rxc3 bxc3 24.Qxc3 Nc5 25.Qb4 Bc6 26.Nxc6 bxc6 27.Qc3 Ra8 28.a5 Rdb8 29.Bf3 e4
30.Bd1 Qf6 31.Qd4 Rb2 32.Qxf6 gxf6 33.Nb1 Rb4 34.Nd2 Rab8 35.Kf1 Kf8 36.g4 Ke7
37.f3 Rb2 38.Nxe4 Nxe4 39.fxe4 Rb1 40.Rxb1 Rxb1 41.Ke2 Ra1 42.a6 Rxa6 43.Kd3 Ra2
44.h4 Ra3+ 45.Kd2 Ke6 46.Bf3 Ke5 47.Ke2 Rc3 48.Kd2 Rxc4 49.Kd3 Ra4 50.Kc3 Rxe4  0-1

[Event "8th Highlands Open"]
[Site "Zdar nad Sazavou CZE"]
[Date "2011.09.27"]
[Round "4"]
[White "Bartos,J"]
[Black "Jakl,A"]
[Result "1/2-1/2"]
[WhiteElo "2239"]
[BlackElo "1974"]

1.d4 Nf6 2.Nf3 e6 3.c4 Bb4+ 4.Bd2 Qe7 5.g3 O-O 6.Bg2 Na6 7.O-O Bxd2 8.Qxd2 d6
9.Nc3 c6 10.d5 cxd5 11.cxd5 e5 12.Ne1 h6 13.e4 Bd7 14.Nc2 Rac8 15.Rfc1 b6
16.f3 Ne8 17.Bf1 Nc5 18.b4 Na4 19.Nxa4 Bxa4 20.Ne3 Bd7 21.Rxc8 Bxc8 22.Rc1 Bd7
23.Ba6 g6 24.Bc8 Bxc8 25.Rxc8 Nc7 26.Rxf8+ Kxf8 27.a4 b5 28.a5  1/2-1/2